Combinatorics Modeling Elementary Number Theory (Record no. 60739)
[ view plain ]
| 000 -LEADER | |
|---|---|
| fixed length control field | 00515nam a22001817a 4500 |
| 005 - DATE & TIME | |
| control field | 20260424153854.0 |
| 008 - FIXED-LENGTH DATA ELEMENTS--GENERAL INFORMATION | |
| fixed length control field | 260424b |||||||| |||| 00| 0 eng d |
| 020 ## - ISBN | |
| International Standard Book Number | 9798886130508 |
| Price | 2795.00 |
| 040 ## - CATALOGING SOURCE | |
| Original cataloging agency | Doon University |
| 041 ## - Language | |
| Language | English |
| 082 ## - DDC NUMBER | |
| Classification number | 512.7 |
| Book Number | CHE |
| 100 ## - MAIN ENTRY--PERSONAL NAME | |
| Personal name | Cherednik, Ivan |
| 245 ## - TITLE STATEMENT | |
| Title | Combinatorics Modeling Elementary Number Theory |
| Sub Title | : from Basic to Advanced |
| 260 ## - PUBLICATION, DISTRIBUTION, ETC. (IMPRINT) | |
| Place of publication, distribution, etc | New Jersey |
| Name of publisher, distributor, etc | World Scientific |
| Date of publication, distribution, etc | 2024 |
| 300 ## - PHYSICAL DESCRIPTION | |
| Pages | 374 |
| 650 ## - Subject | |
| Subject | Mathematics (PM USHA) |
| 942 ## - ADDED ENTRY ELEMENTS (KOHA) | |
| Koha item type | Books |
| 100 ## - MAIN ENTRY--PERSONAL NAME | |
| -- | 26754 |
| 650 ## - Subject | |
| -- | 26738 |
| 952 ## - LOCATION AND ITEM INFORMATION (KOHA) | |
| -- | 2026-04-24 |
| 952 ## - LOCATION AND ITEM INFORMATION (KOHA) | |
| -- | 2026-04-24 |
| 952 ## - LOCATION AND ITEM INFORMATION (KOHA) | |
| -- | 2026-04-24 |
| Withdrawn status | Lost status | Source of classification or shelving scheme | Damaged status | Not for loan | Location (home branch) | Sublocation or collection (holding branch) | Date acquired | Koha full call number | Accession No. | Koha date last seen | Koha item type |
|---|---|---|---|---|---|---|---|---|---|---|---|
| Doon University | Doon University | 24.04.2026 | 512.7 CHE | 32833 | 24.04.2026 | Books | |||||
| Doon University | Doon University | 24.04.2026 | 512.7 CHE | 32834 | 24.04.2026 | Books | |||||
| Doon University | Doon University | 24.04.2026 | 512.7 CHE | 32835 | 24.04.2026 | Books |